Online Catalogue and eLibrary

Guide to Literary Criticism (Record no. 5926)

MARC details
000 -LEADER
fixed length control field 00637nam a22001577a 4500
005 - DATE AND TIME OF LATEST TRANSACTION
control field 20241008022448.0
008 - FIXED-LENGTH DATA ELEMENTS--GENERAL INFORMATION
fixed length control field 241008b |||||||| |||| 00| 0 eng d
020 ## - INTERNATIONAL STANDARD BOOK NUMBER
ISBN 9789553103468
082 ## - DDC Classification
DDC Edition Number 22
Class No. 820
100 ## - MAIN ENTRY--PERSONAL NAME
Personal name Goonetilleke D.C.R.A.
245 ## - TITLE STATEMENT
Title Guide to Literary Criticism
260 ## - PUBLICATION, DISTRIBUTION, ETC.
Place of publication, distribution, etc. Nugegoda
Name of publisher, distributor, etc. Sarasavi Publishers ( Pvt) Ltd
Date of publication, distribution, etc. 2015
300 ## - PHYSICAL DESCRIPTION
Extent (e.g. Volumes, Pages etc.) 142 p .,
500 ## - GENERAL NOTE
General note This book provides a foundation course in Literary Criticism. It is essential reading for success-oriented students in G.C.E. (Ordinary and Advanced Level) classes and for those following undergraduate studies as internal or external students.
942 ## - Koha item type (Biblio)
Koha item type Books in Stacks (Lending)
Holdings
Lost status Damaged status Collection code Home library Current library Date acquired Full call number Accession Number Item type
    Lending WERC Library WERC Library 10/08/2024 820 6922 Books in Stacks (Lending)

© WERC Library